[Event "John Bishop Minor op"]
[Site "Cardiff"]
[Date "2009.04.13"]
[Round "7"]
[White "Jones, Martin K"]
[Black "Delport, Adrian"]
[Result "1-0"]
[WhiteElo "1588"]
[BlackElo "1552"]
[PlyCount "62"]
[EventDate "2009.04.10"]
[EventType "swiss"]
[EventRounds "7"]
[EventCountry "WLS"]
[SourceTitle "EXT 2011"]
[Source "ChessBase"]
[SourceDate "2010.11.26"]
[SourceVersion "1"]
[SourceVersionDate "2010.11.26"]
[SourceQuality "1"]

1. e4 e5 2. Nf3 Nc6 3. Bb5 a6 4. Ba4 b5 5. Bb3 Bc5 6. 0-0 Nf6 7. d4 Bxd4 8. Nxd4 Nxd4 9. Bg5 0-0 10. f4 Qe7 11. fxe5 Qxe5 12. Bf4 Qxe4 13. Nc3 Qg6 14. Qxd4 Bb7 15. Nd5 Kh8 16. Bg3 c5 17. Qxc5 Qh5 18. Rad1 Rac8 19. Qd4 d6 20. Nxf6 gxf6 21. Rxf6 Kg8 22. Bxd6 Rcd8 23. Rf4 Bxg2 24. Rg4+ Qxg4 25. Qxg4+ Kh8 26. Bxf8 Rxf8 27. Qd4+ f6 28. Kxg2 h5 29. Qa7 h4 30. Rd7 h3+ 31. Kxh3 f5 1-0

[Event "John Bishop Minor op"]
[Site "Cardiff"]
[Date "2009.04.12"]
[Round "4"]
[White "Williams, Vince"]
[Black "Delport, Adrian"]
[Result "0-1"]
[WhiteElo "1555"]
[BlackElo "1552"]
[PlyCount "98"]
[EventDate "2009.04.10"]
[EventType "swiss"]
[EventRounds "7"]
[EventCountry "WLS"]
[SourceTitle "EXT 2011"]
[Source "ChessBase"]
[SourceDate "2010.11.26"]
[SourceVersion "1"]
[SourceVersionDate "2010.11.26"]
[SourceQuality "1"]

1. d4 d5 2. Bg5 g6 3. e3 Bg7 4. Nd2 Nf6 5. Ngf3 Bf5 6. Be2 0-0 7. Rc1 c5 8. c3 c4 9. b4 b5 10. a4 a6 11. axb5 axb5 12. Ra1 Nc6 13. 0-0 Qd7 14. Qc1 Ra7 15. Qb2 Rfa8 16. Rxa7 Qxa7 17. Re1 Nd7 18. Nh4 Be6 19. e4 h6 20. exd5 Bxd5 21. Be3 Kh7 22. Bf3 Nb6 23. Qc2 Qa2 24. Qb1 Qxb1 25. Rxb1 Ra3 26. Rc1 f5 27. Nb1 Ra1 28. Kf1 Bxf3 29. Nxf3 Nd5 30. Bd2 e5 31. dxe5 Bxe5 32. Ke2 Ra2 33. g3 Bf6 34. Ne1 f4 35. Nc2 fxg3 36. fxg3 g5 37. Nca3 Na7 38. Rc2 Ra1 39. Be3 Nc6 40. Bd2 Ne5 41. Rb2 Nd3 42. Rc2 g4 43. Nxb5 Rxb1 44. Nd6 Nb2 45. Ne4 Be5 46. Kf2 Kg6 47. Bf4 Nd3+ 48. Ke2 Re1+ 49. Kd2 Bxf4+ 0-1